000
00298nam a22001217a 4500
008
181106b xxu||||| |||| 00| 0 eng d
041
_a
eng
080
_2
7 TH
_a
341
100
_a
15
101
_a
JUR
245
_a
Criminal Law And Its Processes Caases Materials
_c
Kadish.S
942
_2
udc
_c
BK
999
_c
51915
_d
51915